00606 2200229 4500001002100000005001700021008004100038020001800079035002400097040001200121082001000133084001800143100001500161245005400176250001100230260003100241300003100272500002900303650001700332850001200349990001500361YOGYA-0209000006935020170324101021.0 ind  a979-413-829-0 0010-020900000069350 aYOPDYOG a025.5 aT 025.5 Sum P aSUMARJI, P aPelayanan referensi di perpustakaanc/ P. Sumarji aCet. 1 aYogyakartabKanisiusc1992 a76 hlm.b: ilus.c; 21 cm. aBibliografi : hlm. 75-76 aPerpustakaan aYOPDYOG a88701-P/96